Hypotekárna kríza a realitný trh v SR diplomová práca

Gespeichert in:
Bibliographische Detailangaben
1. Verfasser: Rechtoris, Igor
Körperschaft: Národohospodárska fakulta EU. Katedra bankovníctva a medzinárodných financií
Weitere Verfasser: Tučník, Miroslav
Format: Buch
Sprache:Slowakisch
Veröffentlicht: Bratislava 2010
Tags: Tag hinzufügen
Keine Tags, Fügen Sie das erste Tag hinzu!

MARC

LEADER 00000nam a2200000 4500
001 0119564
005 20240318122242.6
041 0 |a slo 
044 |a SK 
245 1 0 |a Hypotekárna kríza a realitný trh v SR  |b diplomová práca  |c Igor Rechtoris ; škol. Miroslav Tučník 
264 1 |a Bratislava  |c 2010 
300 |a 85 s. 
100 1 |a Rechtoris, Igor 
700 1 |a Tučník, Miroslav 
710 2 |a Národohospodárska fakulta EU. Katedra bankovníctva a medzinárodných financií